Statistics for Italy in the Eurovision Song Contest Quiz

Click here to take the quiz!

General Stats

  • This quiz has been taken 68 times
    (22 since last reset)
  • The average score is 18 of 51

Answer Stats

YearPlaceSongArtist(s)% Correct
20192SoldiMahmood
100%
20226BrividiMahmood & Blanco
100%
20211Zitti e buoniMåneskin
100%
20247La noiaAngelina Mango
95%
20137L'essenzialeMarco Mengoni
90%
20234Due viteMarco Mengoni
90%
20153Grande amoreIl Volo
86%
2020-Fai rumoreDiodato
81%
20176Occidentali's KarmaFrancesco Gabbani
76%
201421La mia cittàEmma
67%
20185Non mi avete fatto nienteErmal Meta and Fabrizio Moro
67%
19596Piove (Ciao, ciao bambina)Domenico Modugno
57%
19583Nel blu, dipinto di bluDomenico Modugno
57%
196617Dio, come ti amoDomenico Modugno
57%
201616No Degree of SeparationFrancesca Michielin
52%
19974Fiumi di paroleJalisse
52%
19901Insieme: 1992Toto Cutugno
52%
19857Magic Oh MagicAl Bano & Romina Power
43%
19767We'll Live It All AgainAl Bano & Romina Power
43%
19641Non ho l'etàGigliola Cinquetti
43%
19742Gigliola Cinquetti
43%
20129L'amore è femmina (Out of Love)Nina Zilli
38%
20112Madness of LoveRaphael Gualazzi
33%
197812Questo amoreRicchi e Poveri
33%
19873Gente di mareUmberto Tozzi & Raf
29%
199312Sole d'EuropaEnrico Ruggeri
24%
19629Addio, addioClaudio Villa
19%
196711Non andare più lontanoClaudio Villa
19%
19708Occhi di ragazzaGianni Morandi
19%
197713LiberaMia Martini
19%
19924RapsodiaMia Martini
19%
19845I treni di TozeurAlice & Battiato
14%
196913Due grosse lacrime biancheIva Zanicchi
14%
19715L'amore è un attimoMassimo Ranieri
14%
197313Chi sarà con teMassimo Ranieri
14%
19576Corde della mia chitarraNunzio Gallo
14%
19917Comme è ddoce 'o marePeppino di Capri
14%
19899Avrei volutoAnna Oxa & Fausto Leali
10%
19655Se piangi, se ridiBobby Solo
10%
197915Raggio di lunaMatia Bazar
10%
19615Al di làBetty Curtis
5%
19726I giorni dell'arcobalenoNicola di Bari
5%
196810MarianneSergio Endrigo
5%
19806Non so che dareiAlan Sorrenti
0%
19633Uno per tutteEmilio Pericoli
0%
1956?Aprite le finestreFranca Raimondi
0%
198812Vivo (Ti scrivo)Luca Barbarossa
0%
19608RomanticaRenato Rascel
0%
198311Per LuciaRiccardo Fogli
0%
1956?Amami se vuoiTonina Torrielli
0%
19753EraWess & Dori Ghezzi
0%

Score Distribution

Percentile by Number Answered

Percent of People with Each Score

Your Score History

You have not taken this quiz since the last reset